|
|
|
|
| LEADER |
00811nam a2200217Ia 4500 |
| 001 |
CTU_87419 |
| 008 |
210402s9999 xx 000 0 und d |
| 020 |
|
|
|c 45000
|
| 082 |
|
|
|a 342.597041
|
| 082 |
|
|
|b Th107
|
| 100 |
|
|
|a Trần Hậu Thành
|
| 245 |
|
0 |
|a Cơ sở lý luận và thực tiễn xây dựng nhà nước pháp quyền xã hội chủ nghĩa của nhân dân, do nhân dân, vì nhân dân
|
| 245 |
|
0 |
|c Trần Hậu Thành
|
| 260 |
|
|
|a Hà Nội
|
| 260 |
|
|
|b Lý luận Chính Trị
|
| 260 |
|
|
|c 2005
|
| 650 |
|
|
|a constitution, state,organization of the socialist republic of vietnam,vietnam
|
| 650 |
|
|
|x politics and government
|
| 650 |
|
|
|z vietnam
|
| 904 |
|
|
|i Tuyến
|
| 980 |
|
|
|a Trung tâm Học liệu Trường Đại học Cần Thơ
|